La fabrique filmique : Métiers et professions (notice n° 1569768)
[ vue normale ]
| 000 -LEADER | |
|---|---|
| fixed length control field | 01365cam a2200133 4500500 |
| 005 - DATE AND TIME OF LATEST TRANSACTION | |
| control field | 20251214011820.0 |
| 041 ## - LANGUAGE CODE | |
| Language code of text/sound track or separate title | fre |
| 042 ## - AUTHENTICATION CODE | |
| Authentication code | dc |
| 100 10 - MAIN ENTRY--PERSONAL NAME | |
| Personal name | Feigelson, Kristian |
| Relator term | author |
| 245 00 - TITLE STATEMENT | |
| Title | La fabrique filmique : Métiers et professions |
| 260 ## - PUBLICATION, DISTRIBUTION, ETC. | |
| Name of publisher, distributor, etc. | Armand Colin,<br/> |
| Date of publication, distribution, etc. | 2011.<br/> |
| 520 ## - SUMMARY, ETC. | |
| Summary, etc. | En proposant une analyse de la professionnalisation et des métiers du cinéma à partir des acquis de la sociologie interactionniste, La fabrique filmique replace l’usage du film dans sa dimension concrète. Saisir l’envers du décor permet ici d’appréhender de l’intérieur les processus de fabrication d’un film. Comment décrire ces différentes catégories de métiers de l’audiovisuel et du cinéma dans la longue durée sous l’angle de constructions professionnelles plus complexes au croisement des Politiques Publiques menées en France depuis 1936 et des évolutions actuelles du marché de l’intermittence ? À partir de nombreuses enquêtes dans différents studios (France, Europe centrale, États-Unis, Inde, Russie…), l’ouvrage propose une mise en perspective de ces marchés spécifiques du travail sous l’angle de la globalisation pour mieux comprendre l’histoire anonyme de ceux qui ont fabriqué le cinéma. |
| 856 41 - ELECTRONIC LOCATION AND ACCESS | |
| Uniform Resource Identifier | <a href="https://shs.cairn.info/la-fabrique-filmique--9782200249113?lang=fr&redirect-ssocas=7080">https://shs.cairn.info/la-fabrique-filmique--9782200249113?lang=fr&redirect-ssocas=7080</a> |
Pas d'exemplaire disponible.




Réseaux sociaux